[Event "36th European Club Cup 2021"]
[Site "Struga"]
[Date "2021.09.21"]
[Round "4.18"]
[White "Ahmadzada, Ahmad"]
[Black "Henderson de La Fuente, Lance"]
[Result "1/2-1/2"]
[WhiteElo "2462"]
[BlackElo "2491"]
[Annotator "ChessBase"]
[PlyCount "111"]
[EventDate "2021.09.18"]
[EventType "team-tourn"]
[EventCountry "MKD"]
[SourceTitle "playchess.com"]
[Source "ChessBase"]
[SourceQuality "1"]
[TimeControl "40/5400+30:1800+30"]

1. e4 {[%emt 0:00:05]} e5 {[%emt 0:00:21]} 2. Nf3 {[%emt 0:00:11]} Nc6 {
[%emt 0:00:07]} 3. Bc4 {[%emt 0:01:00]} Bc5 {[%emt 0:04:00]} 4. c3 {[%emt 0:00:
08]} Nf6 {[%emt 0:00:06]} 5. d3 {[%emt 0:00:06]} d6 {[%emt 0:02:03]} 6. O-O {
[%emt 0:00:13]} O-O {[%emt 0:00:17]} 7. Re1 {[%emt 0:00:47]} Ne7 {[%emt 0:08:
40]} 8. Nbd2 {[%emt 0:03:01]} Ng6 {[%emt 0:00:15]} 9. Nf1 {[%emt 0:02:48]} c6 {
[%emt 0:02:38]} 10. Bb3 {[%emt 0:03:15]} Re8 {[%emt 0:04:39]} 11. Ng3 {[%emt 0:
02:33]} Be6 {[%emt 0:00:42]} 12. d4 {[%emt 0:03:47]} exd4 {[%emt 0:10:17]} 13.
cxd4 {[%emt 0:01:09]} Bb6 {[%emt 0:01:40]} 14. h3 {[%emt 0:07:44]} Bxb3 {
[%emt 0:02:14]} 15. Qxb3 {[%emt 0:00:53]} Nf8 {[%emt 0:03:44]} 16. Bd2 {
[%emt 0:07:42]} Ne6 {[%emt 0:03:22]} 17. Bc3 {[%emt 0:03:54]} Rb8 {[%emt 0:04:
19]} 18. Rad1 {[%emt 0:02:57]} d5 {[%emt 0:16:50]} 19. e5 {[%emt 0:01:20]} Ne4
{[%emt 0:00:13]} 20. Nxe4 {[%emt 0:00:48]} dxe4 {[%emt 0:00:03]} 21. Rxe4 {
[%emt 0:00:44]} Qd7 {[%emt 0:02:18]} 22. Bb4 {[%emt 0:04:15]} Qd5 {[%emt 0:00:
26]} 23. Qxd5 {[%emt 0:03:39]} cxd5 {[%emt 0:00:02]} 24. Re2 {[%emt 0:01:10]}
Rbc8 {[%emt 0:00:18]} 25. b3 {[%emt 0:08:07]} Rc6 {[%emt 0:00:30]} 26. Red2 {
[%emt 0:04:41]} Rec8 {[%emt 0:04:42]} 27. g3 {[%emt 0:02:49]} h6 {[%emt 0:00:
59]} 28. Kf1 {[%emt 0:05:52]} a5 {[%emt 0:03:37]} 29. Ba3 {[%emt 0:01:09]} a4 {
[%emt 0:01:34]} 30. Bb2 {[%emt 0:02:57]} Ba5 {[%emt 0:01:30]} 31. Re2 {[%emt 0:
01:26]} b5 {[%emt 0:03:05]} 32. Rd3 {[%emt 0:04:37]} g5 {[%emt 0:02:38]} 33. a3
{[%emt 0:04:28]} Bc3 {[%emt 0:06:31]} 34. bxa4 {[%emt 0:02:56]} bxa4 {[%emt 0:
00:19]} 35. Bxc3 {[%emt 0:00:29]} Rxc3 {[%emt 0:00:02]} 36. Red2 {[%emt 0:03:
37]} Rxd3 {[%emt 0:05:23]} 37. Rxd3 {[%emt 0:00:14]} Rc2 {[%emt 0:00:51]} 38.
Nd2 {[%emt 0:02:57]} Ra2 {[%emt 0:03:17]} 39. Ke1 {[%emt 0:07:21]} Ra1+ {
[%emt 0:03:55]} 40. Ke2 {[%emt 0:00:00]} Nc7 {[%emt 0:00:00]} 41. Nf1 {[%emt 0:
05:38]} Ra2+ {[%emt 0:06:27]} 42. Kf3 {[%emt 0:07:06]} Nb5 {[%emt 0:00:18]} 43.
Ne3 {[%emt 0:00:08]} Rxa3 {[%emt 0:04:16]} 44. Rxa3 {[%emt 0:01:27]} Nxa3 {
[%emt 0:00:06]} 45. Nxd5 {[%emt 0:00:06]} Nc2 {[%emt 0:00:34]} 46. Nc3 {
[%emt 0:02:56]} a3 {[%emt 0:09:39]} 47. d5 {[%emt 0:01:24]} Nb4 {[%emt 0:00:11]
} 48. d6 {[%emt 0:00:37]} Kf8 {[%emt 0:00:08]} 49. Kg4 {[%emt 0:03:50]} Ke8 {
[%emt 0:01:36]} 50. Kh5 {[%emt 0:02:26]} Nd3 {[%emt 0:00:26]} 51. Kxh6 {
[%emt 0:03:25]} Nxf2 {[%emt 0:00:15]} 52. h4 {[%emt 0:01:30]} gxh4 {[%emt 0:01:
51]} 53. gxh4 {[%emt 0:00:24]} Ng4+ {[%emt 0:00:24]} 54. Kg7 {[%emt 0:02:00]}
Nxe5 {[%emt 0:00:06]} 55. h5 {[%emt 0:00:19]} Ng4 {[%emt 0:00:43]} 56. d7+ {
[%emt 0:02:02]} 1/2-1/2

[Event "36th European Club Cup 2021"]
[Site "Struga"]
[Date "2021.09.21"]
[Round "4.19"]
[White "Markoja, Boris"]
[Black "Shankland, Sam"]
[Result "1/2-1/2"]
[WhiteElo "2453"]
[BlackElo "2720"]
[Annotator "TA"]
[PlyCount "61"]
[EventDate "2021.09.18"]
[EventType "team-tourn"]
[EventCountry "MKD"]
[SourceTitle "playchess.com"]
[Source "ChessBase"]
[SourceQuality "1"]

{[%evp 18,61,26,18,35,4,33,29,31,40,24,21,21,21,27,27,51,35,46,50,65,49,53,47,
35,50,39,36,47,24,65,16,143,129,218,173,252,249,269,259,367,317,391,408,441,
389]} 1. d4 Nf6 2. c4 e6 3. g3 c5 4. d5 exd5 5. cxd5 d6 6. Nc3 g6 7. Bg2 Bg7 8.
Nf3 O-O 9. O-O Re8 10. Bf4 h6 {A62: Modern Benoni: Fianchetto Variation
without early ...Nbd7.} 11. Re1 g5 12. Bc1 a6 {White has an edge.} 13. a4 Nbd7
{[#]} 14. h4 $146 ({Predecessor:} 14. Qc2 Rb8 15. Rb1 Qc7 16. h4 g4 17. Nd2 Ne5
18. b3 b5 19. Bb2 Bd7 20. axb5 axb5 {0-1 (56) Hilverda,A (2326)-Annaberdiev,M 
(2525) Karlsruhe 2019}) 14... g4 15. Nd2 Ne5 16. Qc2 b6 17. b3 Rb8 18. Bb2 b5
19. axb5 axb5 20. Nd1 Ng6 21. Nf1 Nh5 22. Bxg7 Nxg7 23. b4 c4 24. Nfe3 Re5 {[#]
} (24... h5 $11 {remains equal.}) 25. Qd2 $1 $16 Rh5 (25... f5 $16) 26. Qd4 Ne5
(26... Qe8 $142 27. Nc3 (27. Nxg4 Bxg4 28. Qxg4 Re5 $16) 27... Re5) 27. Nc3 $18
Bd7 28. Ra7 f5 (28... Nf5 {was necessary.} 29. Nxf5 Rxf5) 29. Nc2 f4 30. Qxf4
Qe7 31. Qd2 {[%mdl 32768] Weighted Error Value: White=0.09/Black=0.37. An
unexpected result.} 1/2-1/2

[Event "36th European Club Cup 2021"]
[Site "Struga"]
[Date "2021.09.21"]
[Round "4.20"]
[White "Dubov, Daniil"]
[Black "Subelj, Jan"]
[Result "1-0"]
[WhiteElo "2714"]
[BlackElo "2415"]
[Annotator "TA"]
[PlyCount "73"]
[EventDate "2021.09.18"]
[EventType "team-tourn"]
[EventCountry "MKD"]
[SourceTitle "playchess.com"]
[Source "ChessBase"]
[SourceQuality "1"]

{[%evp 9,73,14,12,14,19,13,18,0,0,0,15,-16,-14,-10,-2,-24,-23,-26,7,0,0,14,27,
8,23,0,0,0,62,22,41,42,67,65,61,56,52,60,56,52,52,59,62,49,39,66,65,32,104,110,
1361,1361,1358,1339,1216,1003,1000,980,872,851,838,806,1381,698,1320,1247]} 1.
d4 d5 2. c4 e6 3. Nf3 Nf6 4. g3 dxc4 5. Bg2 c6 6. a4 {E04: Open Catalan: 5 Nf3.
} c5 7. O-O Nc6 {[%cal Rc5d4]} 8. Na3 $5 {[%mdl 4] The position is equal. A
promising side line.} cxd4 {Hoping for ...Bxa3.} 9. Nxc4 Bc5 {[#]} 10. Nfe5
$146 ({Predecessor:} 10. Bf4 Nd5 11. Be5 Nxe5 12. Ncxe5 O-O 13. Nxd4 f6 14. Nc4
Nb4 15. Nb5 Qe7 16. Rc1 {1-0 (40) Melkumyan,H (2507)-Meier,G (2556) Martuni
2008}) 10... Nxe5 11. Nxe5 O-O 12. Bg5 h6 13. Bxf6 gxf6 {[#]} 14. Qc1 $1 Be7
15. Nf3 e5 16. Qxh6 e4 17. Nd2 f5 18. Nxe4 fxe4 (18... Re8 $11) 19. Bxe4 $14 {
[%csl Ge4][%cal Rh6h7]} f5 20. Bb1 $36 {[%mdl 2048] And now Ba2+ would win.
White is pushing.} Qd6 21. Ba2+ Rf7 $1 22. Bxf7+ Kxf7 23. Qh7+ Kf8 24. Qh8+ Kf7
25. Rac1 Qf6 26. Qh7+ Kf8 27. Rfd1 Be6 28. Rc7 Bd5 {[#]} (28... Rb8 $1 $14) 29.
Rxd4 $1 $16 {[%mdl 576] Deflection} Qxd4 {[%mdl 8192] This costs Black the
game.} (29... Rd8 $16) 30. Qxe7+ $18 {White is clearly winning.} Kg8 31. Qg5+
Kh8 32. Qh6+ Kg8 33. Qg6+ Kf8 34. Qxf5+ Kg8 35. Qg5+ Kh8 36. Qh5+ Kg8 {[%cal
Rd4d1]} 37. e3 {Weighted Error Value: White=0.05/Black=0.12} 1-0

[Event "36th European Club Cup 2021"]
[Site "Struga"]
[Date "2021.09.21"]
[Round "4.21"]
[White "Mikhalchishin, Adrian"]
[Black "Kryvoruchko, Yuriy"]
[Result "0-1"]
[WhiteElo "2455"]
[BlackElo "2689"]
[Annotator "TA"]
[PlyCount "70"]
[EventDate "2021.09.18"]
[EventType "team-tourn"]
[EventCountry "MKD"]
[SourceTitle "playchess.com"]
[Source "ChessBase"]
[SourceQuality "1"]

{[%evp 20,70,0,0,5,0,0,-9,-9,-9,0,-10,-2,-16,-14,-11,-15,-14,-14,-7,-10,-13,
-26,-97,-105,-91,-94,-100,-59,-199,-206,-287,-267,-723,-694,-648,-639,-655,
-636,-1293,-444,-507,0,-1254,-1220,-1235,-1190,-29977,-29978,-29993,-29994,
-29997,-29998]} 1. d4 Nf6 2. c4 e6 3. Nf3 b6 4. Nc3 Bb4 5. Bd2 O-O 6. e3 d5 7.
Bd3 dxc4 8. Bxc4 Bb7 9. O-O Nbd7 10. Qe2 c5 11. Rfd1 cxd4 {E55: Nimzo-Indian:
Rubinstein: Main Line: 7...dxc4 8 Bxc4 Nbd7.} 12. Nxd4 a6 {[#]} 13. Ne4 $146 ({
Predecessor:} 13. Rac1 b5 14. Bb3 Qb6 15. Be1 Rfd8 16. f3 Rac8 17. a3 Bc5 18.
Bf2 Ne5 19. Ba2 {1-0 (61) Gundavaa,B (2501)-Bologan,V (2661) Dubai 2014}) 13...
Bxd2 {The position is equal.} 14. Nxf6+ Qxf6 15. Rxd2 {And now Nxe6 would win.}
Nc5 {[%cal Bd7c5,Bc5a4,Ba4b2][%mdl 32]} (15... b5 {with more complications.}
16. Bb3 Qe7 17. e4 Rfd8 18. Rad1 Ne5) 16. f3 b5 17. Nb3 Na4 18. Bd3 Rac8 19.
Rad1 g6 20. e4 Rfd8 21. Qf2 {[#]} (21. Na5 $11 {keeps the balance.} Ba8 22. Nb3
) 21... Rxd3 $1 $17 {[%mdl 64] Decoy} 22. Rxd3 Nxb2 {[%mdl 64] Double Attack}
23. Qb6 Nxd3 24. Qxb7 (24. Rxd3 $15 Rc2 25. Rd2 (25. Qxb7 Qb2 $17)) 24... Rc3
$1 $19 {[%cal Rc3b3] aiming for ...Rxb3!} 25. Qxa6 Qg5 26. Qa8+ $2 (26. Qb6)
26... Kg7 27. Qa7 Nf4 {[%csl Gf4][%cal Rg5g2]} 28. Rd2 {Threatens to win with
Qd4+.} Rxf3 {( -> ...Nh3+)} 29. g3 Nd3 (29... e5 $142 30. Qb6 Re3 $3 {[%mdl
512]}) 30. Re2 {Now Nd2 and White clings on.} Nf4 (30... Qg4 $142 31. Nd2 {[#]}
Rxg3+ $1 {[%mdl 576] Discovered Attack} 32. hxg3 Qxe2) 31. Rd2 h5 32. Qd4+ e5
33. Qd8 {[#]} Ne2+ $1 {[%mdl 512] Black mates.} 34. Kg2 (34. Rxe2 Qxd8) 34...
Qe3 35. Qd5 Qf2+ {Weighted Error Value: White=0.70/Black=0.37} 0-1

[Event "36th European Club Cup 2021"]
[Site "Struga"]
[Date "2021.09.21"]
[Round "4.22"]
[White "Inarkiev, Ernesto"]
[Black "Skuhala, Jernej"]
[Result "1-0"]
[WhiteElo "2663"]
[BlackElo "2351"]
[Annotator "TA"]
[PlyCount "65"]
[EventDate "2021.09.18"]
[EventType "team-tourn"]
[EventCountry "MKD"]
[SourceTitle "playchess.com"]
[Source "ChessBase"]
[SourceQuality "1"]

{[%evp 9,65,38,50,33,118,81,125,119,175,185,178,142,159,164,260,259,263,270,
394,379,389,372,382,385,567,503,516,502,506,504,518,494,577,572,559,462,567,
569,568,519,610,604,583,597,660,660,660,649,755,720,1287,1272,1572,1549,1532,
1533,2525,2477]} 1. e4 c6 2. d4 d5 3. e5 c5 4. dxc5 Nc6 5. f4 e6 6. Be3 $1 {
B12: Caro-Kann: Advance Variation.} g5 (6... d4 $14 7. Bf2 Nh6) 7. fxg5 $16
Nge7 8. Nf3 {[#] White is better.} Nf5 $146 (8... Bd7 $16 {was called for.}) ({
Predecessor:} 8... Bg7 9. Bb5 Bd7 10. Bxc6 Nxc6 11. O-O Qe7 12. Nbd2 O-O-O 13.
c3 Nxe5 14. Nxe5 Bxe5 {1-0 (29) Nevednichy,V (2528)-Beukema,H (1965) Belgium
2018}) 9. Bf2 $18 d4 10. c3 {[%cal Rc3d4]} Bxc5 11. b4 {[%cal Bb2b4,Bb4b5]
[%mdl 32]} Be7 (11... Bf8 $142 12. b5 (12. Nxd4 Nfxd4 13. Bxd4 Nxd4 $11) 12...
Nce7) 12. b5 ({Not} 12. Nxd4 Ncxd4 13. Bxd4 O-O $11) 12... Na5 13. cxd4 ({
Much less strong is} 13. Nxd4 $6 Bxg5 14. Nd2 Bf4 $16) 13... Bd7 (13... b6 {
is a better defense.} 14. g4 Bb4+ 15. Nbd2 Ne7) 14. Nbd2 {[%cal Bb1d2,Bd2e4,
Be4f6][%mdl 32]} a6 15. g4 Ng7 16. a4 Bb4 (16... Kf8 {was necessary.} 17. Bd3
Ne8) 17. Be3 {White is clearly winning.} Rc8 18. Kf2 Kf8 19. Ne4 Ne8 20. Nf6
Nc7 21. Rb1 Be7 22. Qd2 b6 23. Bd3 Nd5 24. Rhc1 Rxc1 25. Qxc1 ({Weaker is} 25.
Rxc1 Nb3 $16) 25... axb5 26. axb5 Bc8 27. Bd2 Bb7 28. Be4 h6 29. Bxd5 exd5 30.
gxh6 Nc4 31. Bb4 Bxb4 32. Rxb4 Qa8 33. Kg3 {White took control after the
opening.  Weighted Error Value: White=0.07/Black=0.42} 1-0

[Event "36th European Club Cup 2021"]
[Site "Struga"]
[Date "2021.09.21"]
[Round "4.23"]
[White "Buzeti, Jernej"]
[Black "Predke, Alexandr"]
[Result "0-1"]
[WhiteElo "2236"]
[BlackElo "2662"]
[Annotator "TA"]
[PlyCount "66"]
[EventDate "2021.09.18"]
[EventType "team-tourn"]
[EventCountry "MKD"]
[SourceTitle "playchess.com"]
[Source "ChessBase"]
[SourceQuality "1"]

{[%evp 11,66,33,34,0,9,9,0,0,0,0,0,-17,9,-6,-5,-8,0,-16,0,-63,-33,-73,-75,-101,
-108,-101,-93,-117,-114,-112,-110,-146,-102,-97,-77,-81,-89,-140,-155,-129,
-149,-210,-213,-210,-184,-183,-187,-193,-208,-335,-333,-287,-317,-446,-436,
-675,-670]} 1. e4 d6 2. d4 g6 3. Nc3 Bg7 4. Be3 a6 5. Qd2 b5 6. a4 b4 7. Na2 {
B06: Modern Defence.} a5 8. c3 Nf6 9. f3 {The position is equal.} bxc3 10. Nxc3
O-O 11. Bc4 Nc6 12. Nge2 Nb4 {[#]} 13. O-O $146 ({Predecessor:} 13. d5 Nd7 14.
Nd4 Nb6 15. Be2 e6 16. Nc6 Qh4+ 17. g3 Qh3 18. Nb5 exd5 19. Nxb4 axb4 20. Nxc7
Rxa4 21. Rxa4 Nxa4 22. Nxd5 {1/2-1/2 (98) Socko,M (2454)-Tomczak,M (2298)
Polanica Zdroj 2016}) 13... c6 14. Na2 Rb8 15. Nac3 ({Better is} 15. d5 $11)
15... d5 16. exd5 Nfxd5 17. Bf2 {[#]} Nb6 $1 {[%cal Rb6c4]} 18. Bb3 Ba6 19.
Rfd1 Nc4 20. Bxc4 Bxc4 21. Be3 Re8 22. Ne4 Nd5 $36 {[%mdl 2048] Keeping White
busy.} 23. Bf2 Qb6 24. Rdc1 ({White should try} 24. Rab1) 24... Bxe2 25. Qxe2
Bxd4 26. Bxd4 (26. Rab1 $17) 26... Qxd4+ $19 27. Qf2 Qxf2+ 28. Nxf2 Rxb2 29.
Rxc6 Reb8 30. Nd3 (30. h3 $142) 30... Rd2 31. Ne1 Rbb2 32. Rac1 (32. h4 $142)
32... Ne3 33. g3 (33. Kh1 $142) 33... Rf2 {[%csl Ge3][%cal Rf2f1] Weighted
Error Value: White=0.34/Black=0.06} 0-1

[Event "36th European Club Cup 2021"]
[Site "Struga"]
[Date "2021.09.21"]
[Round "4.24"]
[White "Pancevski, Filip"]
[Black "Bratkovic, Sham"]
[Result "1-0"]
[WhiteElo "2496"]
[BlackElo "2213"]
[Annotator "ChessBase"]
[PlyCount "59"]
[EventDate "2021.09.18"]
[EventType "team-tourn"]
[EventCountry "MKD"]
[SourceTitle "playchess.com"]
[Source "ChessBase"]
[SourceQuality "1"]
[TimeControl "40/5400+30:1800+30"]

1. e4 {[%emt 0:00:04]} c5 {[%emt 0:01:26]} 2. Nf3 {[%emt 0:00:51]} e6 {[%emt 0:
00:30]} 3. d3 {[%emt 0:00:24]} Nc6 {[%emt 0:01:17]} 4. g3 {[%emt 0:00:06]} Nf6
{[%emt 0:01:22]} 5. Bg2 {[%emt 0:00:06]} e5 {[%emt 0:01:12]} 6. O-O {[%emt 0:
16:15]} Be7 {[%emt 0:00:56]} 7. Nc3 {[%emt 0:09:14]} O-O {[%emt 0:02:15]} 8.
Nd2 {[%emt 0:10:38]} d6 {[%emt 0:03:44]} 9. Nc4 {[%emt 0:00:11]} Rb8 {[%emt 0:
06:26]} 10. a4 {[%emt 0:05:19]} a6 {[%emt 0:08:36]} 11. Ne3 {[%emt 0:11:34]} b5
{[%emt 0:10:48]} 12. axb5 {[%emt 0:00:43]} axb5 {[%emt 0:00:08]} 13. f4 {
[%emt 0:01:05]} exf4 {[%emt 0:05:04]} 14. gxf4 {[%emt 0:00:05]} Nd4 {[%emt 0:
06:22]} 15. Ne2 {[%emt 0:05:14]} Nxe2+ {[%emt 0:03:16]} 16. Qxe2 {[%emt 0:02:
29]} Qb6 {[%emt 0:04:39]} 17. b3 {[%emt 0:09:04]} Be6 {[%emt 0:06:13]} 18. Bb2
{[%emt 0:08:27]} Ne8 {[%emt 0:12:06]} 19. f5 {[%emt 0:04:49]} Bc8 {[%emt 0:01:
59]} 20. Nd5 {[%emt 0:01:20]} Qd8 {[%emt 0:00:39]} 21. Qg4 {[%emt 0:08:39]} Bf6
{[%emt 0:04:42]} 22. Nxf6+ {[%emt 0:00:40]} Nxf6 {[%emt 0:00:07]} 23. Qh4 {
[%emt 0:00:24]} Rb6 {[%emt 0:08:19]} 24. Rf3 {[%emt 0:03:31]} Nd7 {[%emt 0:02:
34]} 25. f6 {[%emt 0:00:51]} Nxf6 {[%emt 0:01:41]} 26. Rxf6 {[%emt 0:00:29]} d5
{[%emt 0:01:05]} 27. Rf4 {[%emt 0:00:34]} g5 {[%emt 0:00:06]} 28. Qg3 {[%emt 0:
00:16]} Rg6 {[%emt 0:00:12]} 29. Rf2 {[%emt 0:00:17]} d4 {[%emt 0:00:25]} 30.
Qe5 {[%emt 0:00:40]} 1-0

[Event "36th European Club Cup 2021"]
[Site "Struga"]
[Date "2021.09.21"]
[Round "4.25"]
[White "Haria, Ravi"]
[Black "Berkes, Ferenc"]
[Result "1/2-1/2"]
[WhiteElo "2465"]
[BlackElo "2671"]
[Annotator "TA"]
[PlyCount "62"]
[EventDate "2021.09.18"]
[EventType "team-tourn"]
[EventCountry "MKD"]
[SourceTitle "playchess.com"]
[Source "ChessBase"]
[SourceQuality "1"]

{[%evp 22,62,14,9,11,17,12,9,26,0,0,-9,0,-9,-10,0,0,16,0,4,60,61,63,58,58,38,
43,41,39,22,12,19,12,14,25,0,0,0,0,0,38,47,34]} 1. e4 e5 2. Nf3 Nc6 3. Bc4 Nf6
4. d3 Bc5 5. O-O a6 6. c3 Ba7 7. h3 O-O 8. Re1 d6 9. Bb3 h6 10. Nbd2 Re8 11.
Nf1 Be6 12. Ng3 d5 {C54: Giuoco Piano: 4 c3 Nf6, main lines with 5 d4 and 5 d3.
} 13. exd5 Bxd5 14. Bc2 Qd6 {The position is equal.} 15. Nh4 Ne7 $1 16. Be3
Bxe3 17. Rxe3 {[#]} Bc6 $146 ({Predecessor:} 17... Rad8 18. Qd2 Bc6 19. Nhf5
Nxf5 20. Nxf5 Qf8 21. Rg3 Nh5 22. Rg4 Kh7 23. Re1 Bd7 {0-1 (50) Karacsony,E 
(2389)-Rost,D (2493) ICCF email 2012}) 18. Ngf5 Nxf5 19. Nxf5 Qd7 20. d4 $1 {
[%cal Rd4e5]} e4 (20... exd4 $11 21. Rg3 (21. Qxd4 Qxd4 22. Rxe8+ Rxe8 $15)
21... dxc3 22. Nxg7 (22. Rxg7+ Kf8 $11) 22... Qxd1+ 23. Rxd1 Ne4 24. Bxe4 (24.
Nxe8+ Nxg3 25. Nf6+ Kg7 $11) 24... Rxe4) 21. Ng3 $14 b5 22. Qd2 Re7 23. Rae1
Rae8 24. R3e2 Qd5 25. b3 e3 26. fxe3 Qg5 27. Nf1 Be4 28. Rf2 c5 29. Bd1 Bb7 {
aiming for ...Ne4.} 30. Bf3 Ne4 31. Bxe4 Rxe4 {Weighted Error Value: White=0.
05/Black=0.08} 1/2-1/2

[Event "36th European Club Cup 2021"]
[Site "Struga"]
[Date "2021.09.21"]
[Round "4.26"]
[White "Banusz, Tamas"]
[Black "O`Donnell, Conor"]
[Result "1/2-1/2"]
[WhiteElo "2641"]
[BlackElo "2303"]
[Annotator "TA"]
[PlyCount "113"]
[EventDate "2021.09.18"]
[EventType "team-tourn"]
[EventCountry "MKD"]
[SourceTitle "playchess.com"]
[Source "ChessBase"]
[SourceQuality "1"]

{[%evp 9,113,0,0,0,4,0,2,-12,0,0,0,0,0,0,0,0,0,7,27,22,16,25,25,22,25,22,28,25,
32,25,19,33,52,45,45,52,55,55,52,49,49,48,55,16,16,0,66,66,66,42,66,41,41,41,
48,12,41,41,41,41,66,66,66,41,66,66,66,66,66,41,66,37,42,42,48,42,42,37,37,37,
37,37,37,37,37,37,37,37,37,37,37,37,37,37,37,0,0,0,0,0,0,0,0,0,0,8]} 1. d4 d5
2. Nf3 Nf6 3. Bf4 c5 4. e3 Nc6 5. Nbd2 Qb6 6. dxc5 {D02: 1 d4 d5 2 Nf3
sidelines, including 2...Nf6 3 g3 and 2...Nf6 3 Bf4.} Qxb2 7. Rb1 Qc3 8. Bb5 g6
9. e4 dxe4 10. Be5 Qa5 ({Much worse is} 10... Qxc5 $6 11. Bxf6 exf6 12. Nxe4
$16) 11. O-O exf3 12. Bxc6+ bxc6 13. Qxf3 Nd5 {White must now prevent ...f6.}
14. Bxh8 Qxd2 15. c4 $36 {[%mdl 2048] White is more active.} f6 {[#]} 16. Rfd1
$146 ({Predecessor:} 16. Rfe1 Kf7 17. cxd5 Qxd5 18. Qc3 Be6 19. Qe3 Bf5 20.
Rbd1 Qxa2 21. h3 h5 22. Qf3 {1-0 (32) Le,Q (2709)-So,W (2772) chess24.com INT
2021}) 16... Qg5 {Strongly threatening ...Bg4.} 17. cxd5 {Threatens to win
with d6.} Bg4 {[#]} 18. Bxf6 $1 Bxf3 {[%csl Gf3][%cal Rg5g2]} 19. Bxg5 Bxd1 20.
Rxd1 $11 {[%mdl 4096] Endgame KRB-KRB} Rd8 21. d6 $1 Rd7 $1 {[%cal Re7d6]} 22.
Re1 Kf7 23. dxe7 Bxe7 24. Bxe7 Rxe7 $14 {[%cal Re7e1] KR-KR} 25. Rd1 Re2 26.
Kf1 Rxa2 27. Rd7+ Kg8 ({Better is} 27... Ke6 $1 $11 28. Rxh7 a5) 28. Rc7 h5 29.
g3 a5 30. Kg2 Rc2 31. Rxc6 Kf7 32. Kf3 a4 (32... g5 {keeps more tension.} 33.
h3 Ke7 34. Ke3 h4 35. gxh4 gxh4 36. Kf3 a4) 33. Ra6 Rxc5 34. Rxa4 Rc3+ 35. Kf4
Rc5 36. h3 Rf5+ 37. Ke3 {And now Rf4 would win.} Re5+ 38. Re4 Ra5 39. Rc4 Kf6
40. f3 Ra3+ 41. Ke4 Ra1 42. Rc6+ Kg7 43. Kf4 Ra4+ 44. Kg5 Ra5+ 45. Kh4 Rf5 46.
f4 (46. Rc7+ {seems wilder.} Kf6 47. Rc3 Rd5 48. Rc6+ Kf7 49. f4) 46... Kh6 47.
Re6 Rf7 48. Re4 Rf5 49. Re1 Rf7 50. Re2 Rf5 51. Re4 Rf7 52. g4 Rxf4 {[%mdl 64]
[#] Remove Defender, Decoy. The position is equal.} 53. Rxf4 {Intending Rf6!
and mate.} g5+ {[%mdl 64] Double Attack} 54. Kg3 gxf4+ 55. Kxf4 hxg4 56. hxg4 {
White threatens Kf5 and mate.} Kg6 57. Ke4 {Weighted Error Value: White=0.06/
Black=0.07} 1/2-1/2

[Event "36th European Club Cup 2021"]
[Site "Struga"]
[Date "2021.09.21"]
[Round "4.27"]
[White "Kanyamarala, Tarun"]
[Black "Papp, Gabor"]
[Result "0-1"]
[WhiteElo "2275"]
[BlackElo "2599"]
[Annotator "ChessBase"]
[PlyCount "54"]
[EventDate "2021.09.18"]
[EventType "team-tourn"]
[EventCountry "MKD"]
[SourceTitle "playchess.com"]
[Source "ChessBase"]
[SourceQuality "1"]
[TimeControl "40/5400+30:1800+30"]

1. d4 {[%emt 0:00:04]} Nf6 {[%emt 0:00:07]} 2. c4 {[%emt 0:00:14]} e6 {[%emt 0:
00:05]} 3. Nc3 {[%emt 0:00:10]} Bb4 {[%emt 0:00:05]} 4. f3 {[%emt 0:00:19]} c5
{[%emt 0:00:48]} 5. d5 {[%emt 0:00:08]} b5 {[%emt 0:00:06]} 6. e4 {[%emt 0:00:
49]} O-O {[%emt 0:00:06]} 7. Nh3 {[%emt 0:00:41]} bxc4 {[%emt 0:01:03]} 8. Bxc4
{[%emt 0:01:47]} Nxd5 {[%emt 0:00:25]} 9. Bxd5 {[%emt 0:00:21]} exd5 {[%emt 0:
00:05]} 10. Qxd5 {[%emt 0:00:17]} Ba6 {[%emt 0:00:35]} 11. Bf4 {[%emt 0:01:33]}
Nc6 {[%emt 0:00:05]} 12. Kf2 {[%emt 0:02:40]} c4 {[%emt 0:00:06]} 13. Rhd1 {
[%emt 0:05:16]} Be7 {[%emt 0:00:40]} 14. Qd2 {[%emt 0:11:22]} Nb4 {[%emt 0:02:
51]} 15. Nd5 {[%emt 0:01:15]} Nxd5 {[%emt 0:34:26]} 16. exd5 {[%emt 0:00:16]}
Re8 {[%emt 0:00:31]} 17. Be3 {[%emt 0:07:15]} Rb8 {[%emt 0:01:11]} 18. Kg1 {
[%emt 0:14:44]} Bb4 {[%emt 0:10:46]} 19. Qf2 {[%emt 0:13:33]} c3 {[%emt 0:04:
35]} 20. bxc3 {[%emt 0:00:25]} Bxc3 {[%emt 0:00:04]} 21. Rab1 {[%emt 0:00:12]}
Rxb1 {[%emt 0:01:55]} 22. Rxb1 {[%emt 0:00:07]} Qa5 {[%emt 0:01:40]} 23. Ng5 {
[%emt 0:38:32]} f5 {[%emt 0:39:45]} 24. Qc2 {[%emt 0:00:00]} h6 {[%emt 0:00:00]
} 25. Nh3 {[%emt 0:00:00]} Rxe3 {[%emt 0:00:00]} 26. Rb8+ {[%emt 0:00:00]} Kf7
{[%emt 0:00:00]} 27. Qxf5+ {[%emt 0:00:00]} Bf6 {[%emt 0:00:00]} 0-1